000 00648nam a22002057a 4500
003 OSt
005 20220922194313.0
008 220922b |||||||| |||| 00| 0 eng d
020 _a84-88490-10-0
040 _cBiblioteca Lado V
082 _a708
_bAD232c
100 _aAdes, Dawn
_ecomisaria
245 _aCuerpos- Redes- Voces- TrĂ¡nsitos/
260 _aMadrid
_bCasa America
_c1999
300 _a102p.
_c21x27cm
650 _2Tesauro de Arte & Arquitectura
_aARTE VISUAL
650 _2Tesauro de Arte & Arquitectura
_aEXPOSICION
650 _2Tesauro de Arte & Arquitectura
_aMADRID
942 _2ddc
_c1
_h708
_iAD232c
_n0
999 _c2115
_d2115